00509nam a2200181Ia 450000500170000000800410001702000150005808200130007310000140008624500240010026000280012430000130015265000260016565000220019194200060021395200950021999900130031420240703040246.0240331s9999 xx 000 0 und d a0415060079 a150bBOW aBowlby, R 0aShopping with freud aLondonbRoutledgec1993 a134 p ., aPsychological aspects aConsumer behavior cL 001040708LaWERCLbWERCLcSSCd2024-03-31l0o 150 BOWp3311r2024-03-31w2024-03-31yL c733d733